W jakim województwie jest to miasto? #1 - Statystyki

Ogólne statystyki
  • Ten quiz został rozwiązany 24 razy
  • Średni wynik to 13 z 14
Statystyki odpowiedzi
Hint Odpowiedź % Poprawnych
Grudziądz Kujawsko-Pomorskie
100%
Władysławowo Pomorskie
100%
Świnoujście Zachodniopomorskie
100%
Piotrków Trybunalski Łódzkie
96%
Bielsko-Biała Śląskie
96%
Siedlce Mazowieckie
91%
Elbląg Warmińsko-Mazurskie
91%
Gniezno Wielkopolskie
91%
Nowy Sącz Małopolskie
87%
Łomża Podlaskie
87%
Głogów Dolnośląskie
83%
Przemyśl Podkarpackie
83%
Międzyrzecz Lubuskie
78%
Busko-Zdrój Świętokrzyskie
70%
Nie znaleziono quizów pasujących do podanych kryteriów
Rozkład punktacji
Procent ludzi z każdym wynikiem
Percentyl według liczby udzielonych odpowiedzi
Twoja historia wyników
Nie rozwiązałeś tego quizu